Harry Styles - Fine Line lyrics - Statistics

General Stats
  • This quiz has been taken 225 times
  • The average score is 176 of 201
Answer Stats
Lyric % Correct
a
100%
fine
97%
line
97%
be
96%
we'll
94%
I
93%
on
93%
you
93%
to
91%
so
90%
alright
89%
emotion
89%
price
88%
put
88%
for
87%
looking
87%
my
86%
buy
85%
something
85%
the
84%
got
83%
can
81%
devotion
81%
hate
81%
sometimes
81%
don't
80%
in
80%
and
79%
I'm
79%
man
79%
but
78%
want
78%
you've
78%
get
76%
fight
74%
know
74%
of
74%
sleep
74%
I'll
73%
wanna
72%
drinks
71%
thinking
69%
dirt
68%
never
68%
sunshine
68%
her
67%
that
65%
hand's
64%
temptress
64%
things
64%
risk
63%
way
62%
at
61%
fold
58%
patience
58%
only
57%
open
57%
test
57%
there's
56%
spreading
55%
this
55%
knowing
54%
try
54%
shake
52%
crisp
48%
soon
48%
trepidation
43%
it's
35%
No matching quizzes found
Score Distribution
Percent of People with Each Score
Percentile by Number Answered
Your Score History
You have not taken this quiz